Fight this fire! (Record no. 2438)

MARC details
000 -LEADER
fixed length control field 00965cam a2200277 a 4500
005 - DATE AND TIME OF LATEST TRANSACTION
control field 20250624135443.0
020 ## - INTERNATIONAL STANDARD BOOK NUMBER
International Standard Book Number 9780545317597
040 ## - CATALOGING SOURCE
Original cataloging agency BTCTA
Language of cataloging eng
Transcribing agency BTCTA
Modifying agency NOG
-- NYP
-- DLC
050 00 - LIBRARY OF CONGRESS CALL NUMBER
Classification number PZ7.S8147
082 00 - DEWEY DECIMAL CLASSIFICATION NUMBER
Classification number 317
100 1# - MAIN ENTRY--PERSONAL NAME
Personal name Steele, Michael Anthony
245 10 - TITLE STATEMENT
Title Fight this fire!
Statement of responsibility, etc. by Michael Anthony Steele ; illustrated by Chuck Primeau
260 ## - PUBLICATION, DISTRIBUTION, ETC.
Place of publication, distribution, etc. New York
Name of publisher, distributor, etc. Scholastic
Date of publication, distribution, etc. 2011
300 ## - PHYSICAL DESCRIPTION
Extent 24 pages :
Other physical details Color illustrations ;
Dimensions 21 cm
500 ## - GENERAL NOTE
General note At head of title: LEGO city.
505 ## - FORMATTED CONTENTS NOTE
Formatted contents note J <br/>
520 ## - SUMMARY, ETC.
Summary, etc. When a rookie starts with the Lego City Fire Department, the chief has a hard time finding something the new fire fighter does well.
521 ## - TARGET AUDIENCE NOTE
Target audience note 500 <br/>
Source Lexile <br/>
521 ## - TARGET AUDIENCE NOTE
Target audience note R <br/>
Source Raz-Plus <br/>
650 #0 - SUBJECT ADDED ENTRY--TOPICAL TERM
Topical term or geographic name entry element Fire fighters
Form subdivision Juvenile fiction.
650 #0 - SUBJECT ADDED ENTRY--TOPICAL TERM
Topical term or geographic name entry element LEGO toys
Form subdivision Juvenile fiction.
700 1# - ADDED ENTRY--PERSONAL NAME
Personal name Primeau, Chuck
Relator term illustrator
906 ## - LOCAL DATA ELEMENT F, LDF (RLIN)
a 7
b cbc
c copycat
d 2
e ncip
f 20
g y-gencatlg
942 ## - ADDED ENTRY ELEMENTS (KOHA)
Source of classification or shelving scheme Dewey Decimal Classification
Koha item type Books
Suppress in OPAC No
999 ## -
-- 2438
-- 2438
Holdings
Withdrawn status Lost status Source of classification or shelving scheme Damaged status Not for loan Collection Home library Current library Shelving location Date acquired Total Checkouts Full call number Barcode Date last seen Copy number Price effective from Koha item type
    Dewey Decimal Classification     Juvenile Fiction Footprints International School Library Network Toul Tom Poung Campus Footprints International School Library Network Toul Tom Poung Campus TTP Primary Dark Blue Bookshelves 12/07/2023   STE Fic PZ7.S8147 FISBK00693 12/07/2023 1 12/07/2023 Books
    Dewey Decimal Classification     Juvenile Fiction Footprints International School Library Network Toul Tom Poung Campus Footprints International School Library Network Toul Tom Poung Campus TTP Primary Dark Blue Bookshelves 06/24/2025   STE Fic PZ7.S8147 2025-1695 06/24/2025 2 06/24/2025 Books